<?xml version="1.0" encoding="UTF-8"?>
<record
    xmlns:xsi="http://www.w3.org/2001/XMLSchema-instance"
    xsi:schemaLocation="http://www.loc.gov/MARC21/slim http://www.loc.gov/standards/marcxml/schema/MARC21slim.xsd"
    xmlns="http://www.loc.gov/MARC21/slim">

  <leader>01300nam a2200265 i 4500</leader>
  <controlfield tag="003">DO-SdBNP</controlfield>
  <controlfield tag="005">20251118113753.0</controlfield>
  <controlfield tag="007">ta</controlfield>
  <controlfield tag="008">210426b200-    dr a|||| |||| 00| 0 spa d</controlfield>
  <datafield tag="040" ind1=" " ind2="4">
    <subfield code="a">DO-SdBNP</subfield>
    <subfield code="b">spa</subfield>
    <subfield code="c">BNPHU</subfield>
    <subfield code="e">rda</subfield>
  </datafield>
  <datafield tag="082" ind1=" " ind2="4">
    <subfield code="a">332.123</subfield>
    <subfield code="b">B213b</subfield>
    <subfield code="2">22</subfield>
  </datafield>
  <datafield tag="110" ind1="2" ind2=" ">
    <subfield code="a">Banco Popular Dominicano</subfield>
    <subfield code="9">6892</subfield>
  </datafield>
  <datafield tag="245" ind1=" " ind2=" ">
    <subfield code="a">Banquero joven popular :</subfield>
    <subfield code="b">manual de uso del estudiante /</subfield>
    <subfield code="c">Banco Popular Dominicano</subfield>
  </datafield>
  <datafield tag="264" ind1=" " ind2=" ">
    <subfield code="a">s.l. :</subfield>
    <subfield code="b">Popular,</subfield>
    <subfield code="c">200-.</subfield>
  </datafield>
  <datafield tag="300" ind1=" " ind2=" ">
    <subfield code="a">27 p&#xE1;ginas :</subfield>
    <subfield code="b">ilustraciones,</subfield>
    <subfield code="c">29 cm.</subfield>
  </datafield>
  <datafield tag="336" ind1=" " ind2=" ">
    <subfield code="2">rdacontent</subfield>
    <subfield code="a">texto</subfield>
    <subfield code="b">txt</subfield>
  </datafield>
  <datafield tag="337" ind1=" " ind2=" ">
    <subfield code="2">rdamedia</subfield>
    <subfield code="a">sin mediaci&#xF3;n</subfield>
    <subfield code="b">n</subfield>
  </datafield>
  <datafield tag="338" ind1=" " ind2=" ">
    <subfield code="2">rdacarrier</subfield>
    <subfield code="a">volumen</subfield>
    <subfield code="b">nc</subfield>
  </datafield>
  <datafield tag="505" ind1=" " ind2=" ">
    <subfield code="a">Contenido </subfield>
    <subfield code="t">Rese&#xF1;a del  Banco Popular --</subfield>
    <subfield code="t">Rese&#xF1;a de Junior Achievement --</subfield>
    <subfield code="t">Las finanzas personales --</subfield>
    <subfield code="t"> Gasto y Presupuesto ( activos y posivos) --</subfield>
    <subfield code="t">Ahorro  (&#xBF;C&#xF3;mo crece el dinero?) --</subfield>
    <subfield code="t">Inversi&#xF3;n --</subfield>
    <subfield code="t">Plan de retiro AFP Popular --</subfield>
    <subfield code="t">&#xBF;Qu&#xE9; es el programa Banquero Joven Popular? --</subfield>
    <subfield code="t">La actividad bancaria --</subfield>
    <subfield code="t">Las desiciones --</subfield>
    <subfield code="t">El informe --</subfield>
    <subfield code="t">La din&#xE1;mica --</subfield>
    <subfield code="t">Log&#xED;stica de implementaci&#xF3;n del programa en los centros educativos --</subfield>
    <subfield code="t">Detalles del programa --</subfield>
    <subfield code="t">&#xBF;C&#xF3;mo funciona un banco.</subfield>
  </datafield>
  <datafield tag="590" ind1=" " ind2=" ">
    <subfield code="a">Inventariado, 2021 / SA</subfield>
  </datafield>
  <datafield tag="650" ind1=" " ind2="7">
    <subfield code="a">Bancos</subfield>
    <subfield code="9">7047</subfield>
  </datafield>
  <datafield tag="650" ind1=" " ind2="7">
    <subfield code="a">Bancos</subfield>
    <subfield code="9">7047</subfield>
    <subfield code="z">Rep&#xFA;blica Dominicana</subfield>
    <subfield code="x">Historia</subfield>
  </datafield>
  <datafield tag="910" ind1=" " ind2=" ">
    <subfield code="a">Btav&#xE1;rez</subfield>
  </datafield>
  <datafield tag="942" ind1=" " ind2=" ">
    <subfield code="2">ddc</subfield>
    <subfield code="c">LF2</subfield>
  </datafield>
  <datafield tag="952" ind1=" " ind2=" ">
    <subfield code="0">0</subfield>
    <subfield code="1">0</subfield>
    <subfield code="2">ddc</subfield>
    <subfield code="5">1</subfield>
    <subfield code="7">0</subfield>
    <subfield code="8">PD</subfield>
    <subfield code="a">BNPHU</subfield>
    <subfield code="b">BNPHU</subfield>
    <subfield code="c">CT</subfield>
    <subfield code="d">2021-04-26</subfield>
    <subfield code="e">Deposito Legal</subfield>
    <subfield code="o">BNPHU PD 332.123  B213b </subfield>
    <subfield code="p">2021-1589</subfield>
    <subfield code="r">2021-04-26</subfield>
    <subfield code="w">2021-04-26</subfield>
    <subfield code="y">LF2</subfield>
  </datafield>
  <datafield tag="999" ind1=" " ind2=" ">
    <subfield code="c">49783</subfield>
    <subfield code="d">49783</subfield>
  </datafield>
</record>
